| 000 | 00665nam a2200205 a 4500 | ||
|---|---|---|---|
| 001 | 43759 | ||
| 003 | BD-RjUL | ||
| 005 | 20211209053741.0 | ||
| 008 | 160627s1948 en a|||| |||| 001 0 eng d | ||
| 035 | _a(BD-RjUL) 43877 | ||
| 040 |
_aBD-RjUL _beng _cBD-RjUL |
||
| 041 | _aeng | ||
| 082 |
_a338.1 _bPRO 1948 |
||
| 245 | 0 | 0 |
_aProceedings of the sixth international conference of agricultural economists : _bheld at Dartington Hall, England 28 August to 6 September 1947. / |
| 260 |
_aLondon : _bOxford University Press, _c1948 |
||
| 300 |
_axiii, 508 p. : _bill. ; _c24 cm. |
||
| 500 | _aIncludes index | ||
| 650 |
_aAgricultural Economics _9134483 |
||
| 942 |
_2ddc _cBK |
||
| 999 |
_c43759 _d43759 |
||